Business communication Today (Record no. 11494)
[ view plain ]
| 000 -LEADER | |
|---|---|
| fixed length control field | 00397nam a22001697a 4500 |
| 003 - CONTROL NUMBER IDENTIFIER | |
| control field | OSt |
| 008 - FIXED-LENGTH DATA ELEMENTS--GENERAL INFORMATION | |
| fixed length control field | 220827b ||||| |||| 00| 0 eng d |
| 020 ## - INTERNATIONAL STANDARD BOOK NUMBER | |
| International Standard Book Number | 9789354495106 |
| 082 ## - DEWEY DECIMAL CLASSIFICATION NUMBER | |
| Classification number | 658.45 BOB |
| 100 ## - MAIN ENTRY--PERSONAL NAME | |
| Personal name | BOVEE,Courtland L and other |
| 245 ## - TITLE STATEMENT | |
| Title | Business communication Today |
| 250 ## - EDITION STATEMENT | |
| Edition statement | 15th |
| 260 ## - PUBLICATION, DISTRIBUTION, ETC. (IMPRINT) | |
| Place of publication, distribution, etc | Noida |
| Name of publisher, distributor, etc | Pearson |
| Date of publication, distribution, etc | 2022 |
| 300 ## - PHYSICAL DESCRIPTION | |
| Extent | 713 |
| 650 ## - SUBJECT ADDED ENTRY--TOPICAL TERM | |
| Topical term or geographic name as entry element | Commerce |
| 942 ## - ADDED ENTRY ELEMENTS (KOHA) | |
| Source of classification or shelving scheme | Dewey Decimal Classification |
| Koha item type | Text Books |
| Withdrawn status | Lost status | Source of classification or shelving scheme | Damaged status | Not for loan | Collection code | Home library | Current library | Date acquired | Source of acquisition | Currency | Cost, normal purchase price | Bill Number | Total Checkouts | Full call number | Acc. no. / Barcode | Date last seen | Actual Cost, discounted price | Bill Date | Koha item type |
|---|---|---|---|---|---|---|---|---|---|---|---|---|---|---|---|---|---|---|---|
| Dewey Decimal Classification | B.Com | PIET NCR College Library | PIET NCR College Library | 27/08/2022 | Kirti Prakashan | Indian Rup | 825.00 | IN812 | 658.45 BOB | N2699 | 27/08/2022 | 561.00 | 24/08/2022 | Reference Books | |||||
| Dewey Decimal Classification | B.Com | PIET NCR College Library | PIET NCR College Library | 27/08/2022 | Kirti Prakashan | Indian Rup | 825.00 | IN812 | 658.45 BOB | N2700 | 27/08/2022 | 561.00 | 24/08/2022 | Text Books | |||||
| Dewey Decimal Classification | B.Com | PIET NCR College Library | PIET NCR College Library | 27/08/2022 | Kirti Prakashan | Indian Rup | 825.00 | IN812 | 658.45 BOB | N2701 | 27/08/2022 | 561.00 | 24/08/2022 | Text Books | |||||
| Dewey Decimal Classification | B.Com | PIET NCR College Library | PIET NCR College Library | 27/08/2022 | Kirti Prakashan | Indian Rup | 825.00 | IN812 | 658.45 BOB | N2702 | 27/08/2022 | 561.00 | 24/08/2022 | Text Books | |||||
| Dewey Decimal Classification | B.Com | PIET NCR College Library | PIET NCR College Library | 27/08/2022 | Kirti Prakashan | Indian Rup | 825.00 | IN812 | 658.45 BOB | N2703 | 27/08/2022 | 561.00 | 24/08/2022 | Text Books |